LEADER 03706nam 22005895 450 001 996472053503316 005 20200623100627.0 010 $a3-11-036022-5 010 $a3-11-039917-2 024 7 $a10.1515/9783110360226 035 $a(CKB)3710000000469438 035 $a(EBL)1663108 035 $a(SSID)ssj0001589393 035 $a(PQKBManifestationID)16275670 035 $a(PQKBTitleCode)TC0001589393 035 $a(PQKBWorkID)14872283 035 $a(PQKB)11228274 035 $a(MiAaPQ)EBC1663108 035 $a(DE-B1597)426330 035 $a(OCoLC)932570635 035 $a(DE-B1597)9783110360226 035 $a(EXLCZ)993710000000469438 100 $a20200623h20152015 fg 101 0 $ager 135 $aur|n|---||||| 181 $ctxt 182 $cc 183 $acr 200 10$aDeutsche Herrschaft, ukrainischer Nationalismus, antijüdische Gewalt $eDer Sommer 1941 in der Westukraine /$fKai Struve 210 1$aMünchen ;$aWien : $cDe Gruyter Oldenbourg, $d[2015] 210 4$d©2015 215 $a1 online resource (756 p.) 300 $aDescription based upon print version of record. 311 $a3-11-035998-7 320 $aIncludes bibliographical references and index. 327 $tFrontmatter -- $tVorwort -- $tInhalt -- $tInhalt -- $tAbkürzungen -- $t1 Einleitung -- $t2.1 Die Deutschen bis 1939 -- $t2.2 Die Ukrainer bis 1939 -- $t2.3 Die Deutschen: Vor dem Krieg gegen die Sowjetunion -- $t2.4 Die Ukrainer 1939?1941 -- $t3.1 Der Kriegsbeginn -- $t3.2 Lemberg -- $t3.3 Von der Wehrmacht besetzte Gebiete -- $t3.4 Verbrechen der Waffen-SS Division ?Wiking? -- $t3.5 Von ungarischen Truppen besetzte Gebiete -- $t4 Schluss -- $tAbbildungs- und Kartenverzeichnis -- $tQuellen und Literatur -- $tPersonenregister -- $tGeographisches Register 330 $aKaum ein Thema in der Geschichte des Holocaust hat solche Kontroversen ausgelöst wie Gewalttaten gegen Juden von einheimischer Seite in den von der Wehrmacht während der ersten Wochen des deutsch-sowjetischen Krieges im Sommer 1941 besetzten Gebieten ? von Lettland bis Bessarabien. Die Studie untersucht Gewalttaten von deutscher und ukrainischer Seite anhand der Geschehnisse in mehreren Dutzend Orten in der Westukraine und fragt auch nach der Bedeutung eines sowjetischen Massenmords an Gefängnisinsassen vor dem Rückzug. Auf breiter Quellengrundlage und unter umfassender Berücksichtigung der Kontexte ? des Holocaust, der sowjetischen Verbrechen sowie des Versuchs einer ukrainischen Staatsbildung ? entsteht so ein neuer Blick auf die Geschehnisse. Kai Struve hat ein Standardwerk vorgelegt, welches in den Kontroversen um NS- und Sowjetverbrechen unverzichtbar sein wird. 330 $aThis study investigates acts of anti-Semitic violence committed by Germans and Ukrainians in several dozen locations in Western Ukraine. The study?s broad consideration of contexts ? the Holocaust, Soviet crimes, and Ukrainian state formation ? leads to a new view of these events. The work is sure to become an indispensable resource in understanding controversies about Nazi and Soviet crimes. 606 $aAntisemitism$zGermany$xHistory 606 $aAntisemitism$zUkraine$xHistory 607 $aUkraine$xHistory$y1921-1944 608 $aElectronic books. 615 0$aAntisemitism$xHistory. 615 0$aAntisemitism$xHistory. 676 $a947.79 700 $aStruve$b Kai, $4aut$4http://id.loc.gov/vocabulary/relators/aut$01224633 801 0$bDE-B1597 801 1$bDE-B1597 906 $aBOOK 912 $a996472053503316 996 $aDeutsche Herrschaft, ukrainischer Nationalismus, antijüdische Gewalt$92843343 997 $aUNISA LEADER 03518nam 2200589 450 001 9910796663803321 005 20230808202723.0 010 $a3-11-040334-X 024 7 $a10.1515/9783110403343 035 $a(CKB)3850000000001057 035 $a(MiAaPQ)EBC4804400 035 $a(DE-B1597)444186 035 $a(OCoLC)956333698 035 $a(OCoLC)973187436 035 $a(DE-B1597)9783110403343 035 $a(Au-PeEL)EBL4804400 035 $a(CaPaEBR)ebr11344934 035 $a(CaONFJC)MIL984139 035 $a(OCoLC)973835532 035 $a(EXLCZ)993850000000001057 100 $a20170223h20162016 uy 0 101 0 $ager 135 $aurcnu|||||||| 181 $2rdacontent 182 $2rdamedia 183 $2rdacarrier 200 10$aVertreten, Ersetzen, Vertauschen $ePhanomene der Stellvertretung und der Substitution im "Prosalancelot" /$fChristiane Witthoft 210 1$aBerlin, [Germany] ;$aBoston, [Massachusetts] :$cDe Gruyter,$d2016. 210 4$d©2016 215 $a1 online resource (360 pages) 225 1 $aHermaea. Germanistische Forschungen, Neue Folge,$x0440-7164 ;$vBand 141 311 $a3-11-040340-4 311 $a3-11-040078-2 320 $aIncludes bibliographical references and index. 327 $tFrontmatter -- $tVorwort -- $tInhalt -- $tI. Thematische Annäherung -- $tII. Stellvertretung und feudalhöfische Erzählzusammenhänge -- $tIII. (Un-)Ersetzbarkeit im Narrativ der Freundschaft -- $tIV. Substitutionen in der Ehe und in der Ehebruchsliebe -- $tV. Unvertretbarkeit und Unersetzbarkeit. Ein Ausblick auf religiöse Erzählkontexte - Beichte, Opfer, Eucharistie -- $tVI. Resümee -- $tVII. Literaturverzeichnis -- $tVIII. Autoren- und Werkregister VIII Autoren- und Werkregister 330 $aDas kulturelle Wissen um Formen der Stellvertretung und Substitution umfasst Denk- und Wahrnehmungsmuster, die in den komplexen Erzählzusammenhängen des mittelhochdeutschen Prosalancelot einen thematischen Leitgedanken generieren, der in Fragen der Sinnkonstitution, Figurengestaltung und Erzähltechnik neue Akzente setzt. Ungeachtet der Heterogenität des Werkes lassen sich sowohl in der politischen Artus- als auch in der religiösen Gralswelt Handlungsmuster des Vertretens, Ersetzens und Vertauschens beobachten. Sie reflektieren in den textinternen Konstellationen von Macht, Liebe und Freundschaft Aspekte der (Un-)Ersetzbarkeit und(Un-)Vertretbarkeit in der Identitätskonzeption und pointieren eine Innerlichkeit und Gegenwärtigkeit. Diese Handlungsnormen werden auf den verschiedenen Erzähl- und Bedeutungsebenen diskutiert: in den feudalhöfischen Erzählzusammenhängen eines textinternen 'Fürstenspiegels' für König Artus, in den Beziehungsgeflechten von Freundschaft und Liebe, in dem Erzählmuster der 'vertauschten/ untergeschobenen Braut' (Bertasage, Brangäne-Motiv) oder aber in den religiösen Aspekten der Gralswelt. 410 0$aHermaea ;$vBand 141. 606 $aCharacters and characteristics in literature 606 $aArthurian romances$xHistory and criticism 610 $aProse Lancelot. 610 $asubstitution. 615 0$aCharacters and characteristics in literature. 615 0$aArthurian romances$xHistory and criticism. 676 $a843.1 700 $aWitthoft$b Christiane$01499321 801 0$bMiAaPQ 801 1$bMiAaPQ 801 2$bMiAaPQ 906 $aBOOK 912 $a9910796663803321 996 $aVertreten, Ersetzen, Vertauschen$93725251 997 $aUNINA